| 000 | 00611cam7a220020500 4500 | ||
|---|---|---|---|
| 001 | lce00475612 | ||
| 008 | 781031s1959 cau 000 0 eng | ||
| 010 | _a 78317790 | ||
| 035 | _a(Sirsi) r10884 | ||
| 035 | _a(DLC) 78317790 | ||
| 035 | _a(UPRA)lce00475612 | ||
| 050 | 0 |
_aPS3562.A42 _bE38 |
|
| 100 | 1 |
_aLamantia, Philip, 1927- _dLamantia, Philip, 1927- _6A44930.1 |
|
| 245 | 1 | 0 |
_aEkstasis : _b[poems] / _cPhilip Lamantia. |
| 260 |
_aSan Francisco : _bAuerhahn Press, _c1959. |
||
| 500 | _a"950 copies." | ||
| 500 | _aPoems. | ||
| 949 |
_aPS3562.A42 _wlcc _i-2674 _mMAIN _tBOOK _lON-SHELF |
||
| 004 | 10884 | ||
| 999 |
_c139539 _d139539 |
||